• 首页
  • 本馆介绍
  • 公告通知
  • 最新文献
  • 馆藏检索
  • 电子资源
  • 读者导购
  • 参考咨询
  • 我的图书馆
  • 登录
  • 详细信息显示
  • 放入我的书架
  • 预约/预借图书
  • 作者相关作品
  • 分类相关作品
  • 丛书相关作品
  • 出版社相关作品

书目信息

  • 表格格式
  • 工作单格式
  • 卡片格式
题名:
外国电影剧本丛刊
    
 
作者: ;中国电影出版社 编
分册: 12   残菊物语,雨月物语
出版信息: 北京   中国电影出版社  1982.4
页数: 134页
开本: 20cm
丛书名:
单 册:
中图分类: I13
科图分类:
主题词: 戏剧文学--作品集--世界
电子资源:
ISBN:
000 00658nam0 2200193 45
001 0312221749
005 20060719110925.29
010    @dCNY0.45
100    @a20031222d1982 km y0chiy0120 ea
101    @achi
200 1  @a外国电影剧本丛刊@Awai guo dian ying ju ben cong kan@h12@i残菊物语,雨月物语@f中国电影出版社编@Fzhong guo dian ying chu ban she bian
210    @a北京@c中国电影出版社@d1982.4
215    @a134页@d20cm
517 1  @a残菊物语,雨月物语@Acan ju wu yu,yu yue wu yu
606 0  @a戏剧文学@x作品集@x世界
690    @aI13@v3
711  0 @a中国电影出版社@Azhong guo dian ying chu ban she@4编
801    @aCN@bTSTCL@c20060719
905    @a213230@dI13@e14:12
    
    外国电影剧本丛刊.12.残菊物语,雨月物语/中国电影出版社编.-北京:中国电影出版社,1982.4
    134页;20cm
    
    
    ISBN :CNY0.45
    
●
相关链接 在E读中查询图书 在五车中查询图书 在当当中查询图书 在豆瓣中查询图书


正题名:外国电影剧本丛刊     索取号:I13/14:12         预约/预借

序号 登录号 条形码 馆藏地/架位号 状态 备注
1 0077775   000052409   密集书库/ [索取号:I13/14:12] 在馆    
2 0077776   000052445   第二借阅区/ [索取号:I13/14:12] 在馆    
3 0077777   202231584   密集书库/ [索取号:I13/14:12] 在馆    
4 0427474   204274748   密集书库/ [索取号:I13/14:12] 在馆    
5 0427475   204274757   密集书库/ [索取号:I13/14:12] 在馆    
唐山师范学院图书馆 欢迎您!
大连网信软件有限公司© 版权所有